[Event "MDA-ch (Women)"]
[Site "Kishinev"]
[Date "2009.01.24"]
[Round "9"]
[White "Baciu, Diana"]
[Black "Gainutdinova, Margarita"]
[Result "1-0"]
[WhiteElo "2107"]
[BlackElo "1677"]
[PlyCount "45"]
[EventDate "2009.01.16"]
[EventType "tourn"]
[EventRounds "9"]
[EventCountry "MDA"]
[SourceTitle "EXT 2010"]
[Source "ChessBase"]
[SourceDate "2010.11.25"]
[SourceVersion "1"]
[SourceVersionDate "2010.11.25"]
[SourceQuality "1"]

1. e4 e6 2. d4 d5 3. Nc3 Nf6 4. e5 Nfd7 5. Nce2 c5 6. f4 Nc6 7. Nf3 a6 8. c3 Qb6 9. a3 Be7 10. Ng3 g6 11. b4 cxd4 12. cxd4 f6 13. h4 fxe5 14. fxe5 0-0 15. Be2 Ndxe5 16. dxe5 Nxe5 17. Bb2 Bd6 18. Nf1 Rf4 19. Nxe5 Qf2+ 20. Kd2 Re4 21. Nd3 Bd7 22. Nxf2 Bf4+ 23. Ke1 1-0

[Event "MDA-ch (Women)"]
[Site "Kishinev"]
[Date "2009.01.21"]
[Round "6"]
[White "Coada, Elena"]
[Black "Gainutdinova, Margarita"]
[Result "0-1"]
[WhiteElo "1771"]
[BlackElo "1677"]
[PlyCount "124"]
[EventDate "2009.01.16"]
[EventType "tourn"]
[EventRounds "9"]
[EventCountry "MDA"]
[SourceTitle "EXT 2010"]
[Source "ChessBase"]
[SourceDate "2010.11.25"]
[SourceVersion "1"]
[SourceVersionDate "2010.11.25"]
[SourceQuality "1"]

1. d4 d5 2. Nf3 Nf6 3. Bf4 c5 4. e3 Qb6 5. Qc1 cxd4 6. exd4 Nc6 7. c3 Bf5 8. Nbd2 e6 9. Nh4 Bg4 10. h3 Bh5 11. Bd3 Rc8 12. Ndf3 Be7 13. Rb1 Nb4 14. Qe3 Nxd3+ 15. Qxd3 Ne4 16. g4 Bg6 17. Nxg6 hxg6 18. Nd2 Nf6 19. Ke2 a6 20. Bg3 Bd6 21. Bxd6 Qxd6 22. Nf3 b5 23. a3 Ne4 24. Ne5 f6 25. Nf3 Kf7 26. Nd2 Nxd2 27. Kxd2 Qb6 28. Rbf1 a5 29. Rc1 Rc4 30. b3 Rc6 31. h4 b4 32. a4 bxc3+ 33. Rxc3 Qb4 34. Kc2 Rhc8 35. Rxc6 Rxc6+ 36. Kb2 Rc4 37. Rd1 Qb8 38. h5 gxh5 39. gxh5 f5 40. Ka2 Rb4 41. Rf1 Qf4 42. Qe3 Rxd4 43. Re1 Qxe3 44. fxe3 Re4 45. Rc1 d4 46. exd4 Rxd4 47. Ka3 f4 48. Rc3 Kf6 49. Rc5 f3 50. Rc3 Rf4 51. Rc1 f2 52. Rf1 Kg5 53. b4 Rf3+ 54. Kb2 axb4 55. a5 Kg4 56. a6 Kg3 57. a7 Rf8 58. Rd1 Kg2 59. Rd2 Kg1 60. Rd7 f1Q 61. Rxg7+ Kh2 62. h6 Qd3 0-1

[Event "Kishinev Binefacere op"]
[Site "Kishinev"]
[Date "2007.04.27"]
[Round "7"]
[White "Gainutdinova, Margarita"]
[Black "Mynzat, Gerasim"]
[Result "0-1"]
[WhiteElo "1567"]
[BlackElo "1954"]
[PlyCount "42"]
[EventDate "2007.04.21"]
[EventType "swiss"]
[EventRounds "9"]
[EventCountry "MDA"]
[SourceTitle "CBM 118 Extra"]
[Source "ChessBase"]
[SourceDate "2007.07.04"]
[SourceVersion "1"]
[SourceVersionDate "2007.07.04"]
[SourceQuality "1"]

1. d4 Nf6 2. c4 e6 3. Nc3 d5 4. Nf3 Be7 5. e3 0-0 6. Bd2 b6 7. cxd5 exd5 8. g3 Bb7 9. Bg2 c5 10. 0-0 Nbd7 11. a4 Ne4 12. Qb3 Ndf6 13. dxc5 Bxc5 14. Rfd1 Qe7 15. a5 Rfd8 16. axb6 axb6 17. Na4 Nxd2 18. Nxd2 Bc6 19. Rdc1 Bxa4 20. Rxa4 Rxa4 21. Qxa4 d4 0-1

[Event "Kishinev Binefacere op"]
[Site "Kishinev"]
[Date "2007.04.22"]
[Round "2"]
[White "Gainutdinova, Margarita"]
[Black "Dergausov, Denis"]
[Result "0-1"]
[WhiteElo "1567"]
[BlackElo "2011"]
[PlyCount "88"]
[EventDate "2007.04.21"]
[EventType "swiss"]
[EventRounds "9"]
[EventCountry "MDA"]
[SourceTitle "CBM 118 Extra"]
[Source "ChessBase"]
[SourceDate "2007.07.04"]
[SourceVersion "1"]
[SourceVersionDate "2007.07.04"]
[SourceQuality "1"]

1. d4 d6 2. c4 e5 3. dxe5 dxe5 4. Qxd8+ Kxd8 5. Nc3 c6 6. e4 Nf6 7. Bg5 Bb4 8. 0-0-0+ Kc7 9. Nge2 Ng4 10. Be3 Nxe3 11. fxe3 Be6 12. b3 Na6 13. Kc2 Bc5 14. Ng3 Bxe3 15. Nf5 Bxf5 16. exf5 Nb4+ 17. Kb1 Rad8 18. Be2 Na6 19. Rhe1 Nc5 20. Bf3 Bd4 21. Ne4 Nxe4 22. Bxe4 Kd6 23. Rd3 Ke7 24. Red1 Bb6 25. g4 Rxd3 26. Rxd3 Bd4 27. Bf3 g6 28. Be4 Kf6 29. Rf3 Kg5 30. fxg6 hxg6 31. Rxf7 Rxh2 32. Rxb7 Rb2+ 33. Kc1 Rxa2 34. Rg7 Kf4 35. Bxg6 Ke3 36. Re7 a5 37. Re6 c5 38. Bf5 a4 39. bxa4 Rxa4 40. Bc2 Rxc4 41. g5 Bc3 42. g6 Rg4 43. Re7 Rg1+ 44. Bd1 Kd3 0-1